Crypto- Quiz - Statistics

General Stats
  • This quiz has been taken 17 times
  • The average score is 4 of 13
Answer Stats
Hint Answer % Correct
Study of animals not yet proven to exist Cryptozoology
88%
Bitcoins Cryptocurrency
81%
Deciphering encrypted messages Cryptography
75%
A secret name Cryptonym
31%
Something of unknown origin Cryptogenic
19%
Type of malware Cryptovirus
19%
A plant that reproduces by spores Cryptogam
13%
Condition where the testicles fail to descend Cryptorchidism
13%
Parasitic protozoans found in the stomach Cryptosporidium
13%
When an organism shows no visible signs of life (but is still alive) Cryptobiosis
6%
Rock texture where the crystals can only be distinguished through a polarizing microscope Cryptocrystalline
6%
Type of evergreen tree Cryptomeria
6%
The return of a memory that the person does not know is a memory Cryptomnesia
6%
No matching quizzes found
Score Distribution
Percent of People with Each Score
Percentile by Number Answered
Your Score History
You have not taken this quiz